00596nam a2200181 a 450000100100000000500170001000800410002702000180006804000250008604100080011110000310011924501000015026000470025030000280029750000210032550400330034670000350037900004088820201002034444.0130910s2012 pr a 001 0 spa d a9780865816640 aDO-SdBNPbspacBNPHU17aeng1 aVan Deusen, Richard James. 0aPorto Rico : A Caribbean Isle /cRichard James Van Deusen ...and Elizabeth Kneipple Van Deusen. aPuerto Rico :bH. Holt and Company,c2012. a342 p. :bil. ;c22 cm. aIncluye índice aBibliografía : p. 315-324.1 aVan Deusen, Elizabeth Kneipple